000 00811nam a22002417a 4500
003 UA-OsUOA
001 50189
007 ta
008 20071101b un ||||| |||| 00| 0 ukr d
100 _aХом'як О.
090 _a811.161.2 (075.8)
_bХ76
942 _cBK
040 _aUA-OsUOA
_bukr
_cUA-OsUOA
_dUA-OsUOA
245 _aМова і культура суспільства: ідіостилістика художнього тексту в контексті національної культури
300 _a168 с.
955 _a2
041 _aukr
080 _a811.161.2 (075.8)
020 _a966-594-934-9
260 _aК.
_bВГЦ
_c2007
650 7 _a8 Мовознавство. Художня література. Літературознавство
_2UDC
999 _c336289
_d336289